000 01898nam0a22003371 4500
001 rc\711226
005 20250621221429.0
035 _a(NLR Aleph) 005946270
090 _a6731971
_c6731971
100 _a20031121d1985 |||y0rusy50 ca
101 0 _arus
102 _aRU
105 _aa |||||||||
200 1 _aОсенний дым
_eИзбр. проза
_eПер. с нем.
_fБернгард Зеегер
_g[Сост. и предисл. Н. Банниковой
_gХудож. А. Платонов]
210 _aМ.
_cРадуга
_d1985
215 _a384 с.
_cил.
_d21
327 1 _aСодерж.: Осенний дым; Там, где кружит ястреб; Семья Тауригель; Обманутые; Отр. из романа "Пути человеческие"; Отр. из романа "Гармонист"; Коротко о себе; Как я открыл донского казака
464 0 _12001#$aОсенний дым
_tОсенний дым
464 0 _12001#$aТам, где кружит ястреб
_tТам, где кружит ястреб
464 0 _12001#$aСемья Тауригель
_tСемья Тауригель
464 0 _12001#$aОбманутые
_tОбманутые
464 0 _12001#$aОтрывки из романа "Пути человеческие"
_tОтрывки из романа "Пути человеческие"
464 0 _12001#$aОтрывки из романа "Гармонист"
_tОтрывки из романа "Гармонист"
464 0 _12001#$aКоротко о себе
_tКоротко о себе
464 0 _12001#$aКак я открыл донского казака
_tКак я открыл донского казака
700 1 _aЗеегер
_bБ.
_gБернгард
801 0 _aRU
_bNLR
_gpsbo
801 1 _aRU
_bELAR
_2rusmarc
852 _aNLR
_j86-3/4204
942 _cBOOK
980 _aNB